Catálogo
 En Linea
Vista normal Vista MARC

Entrada Término temático

Número de registros utilizados en: 3

001 - NÚMERO DE CONTROL

  • campo de control: 57237

003 - IDENTIFICADOR DEL NÚMERO DE CONTROL

  • campo de control: OSt

005 - FECHA Y HORA DE LA ÚLTIMA TRANSACCIÓN

  • campo de control: 20200615034851.0

008 - DATOS DE LONGITUD FIJA

  • campo de control de longitud fija: 200615|| aca||aabn | a|a d

040 ## - FUENTE DE LA CATALOGACIÓN

  • Centro catalogador/agencia de origen: OSt
  • Centro/agencia transcriptor: OSt

150 ## - ENCABEZAMIENTO--TÉRMINO DE MATERIA

  • Término de materia o nombre geográfico como elemento de entrada: ORGANIZACIONES NO-GUBERNAMENTALES
  • Subdivisión general: LEGISLACIÓN

670 ## - FUENTE DE DATOS ENCONTRADOS

  • Cita de la fuente: Work cat.: (OSt)30141: Republica Dominicana. 447, Ley 122-05 para la regulación y fomento de las asociaciones sin fines de lucro en República Dominicana y el reglamento 40-08 para la aplicación de la ley no. 122-05 /, 2009.

Con tecnología Koha